Lechuzas / (Record no. 18921)
[ view plain ]
| 000 -LEADER | |
|---|---|
| fixed length control field | 00622nam a22002297a 4500 |
| 001 - CONTROL NUMBER | |
| control field | sjds170187 |
| 003 - CONTROL NUMBER IDENTIFIER | |
| control field | sjds |
| 005 - DATE AND TIME OF LATEST TRANSACTION | |
| control field | 20171012150323.0 |
| 008 - FIXED-LENGTH DATA ELEMENTS--GENERAL INFORMATION | |
| fixed length control field | 171012b cau||||| |||| 00| 0 spa d |
| 020 ## - INTERNATIONAL STANDARD BOOK NUMBER | |
| International Standard Book Number | 9781595663986 |
| 020 ## - INTERNATIONAL STANDARD BOOK NUMBER | |
| International Standard Book Number | 1595663983 |
| 020 ## - INTERNATIONAL STANDARD BOOK NUMBER | |
| International Standard Book Number | 9781595664006 (pbk.) |
| 040 ## - CATALOGING SOURCE | |
| Transcribing agency | sjds |
| 041 ## - LANGUAGE CODE | |
| Language code of text/sound track or separate title | spa |
| 100 ## - MAIN ENTRY--PERSONAL NAME | |
| Personal name | Morgan, Sally |
| 245 ## - TITLE STATEMENT | |
| Title | Lechuzas / |
| Statement of responsibility, etc. | Sally Morgan ; diseñado por Jonathan Vipond. |
| 260 ## - PUBLICATION, DISTRIBUTION, ETC. (IMPRINT) | |
| Place of publication, distribution, etc. | Laguna Hills, Calif. : |
| Name of publisher, distributor, etc. | QEB, |
| Date of publication, distribution, etc. | c2006. |
| 300 ## - PHYSICAL DESCRIPTION | |
| Extent | 32 pages : |
| Other physical details | illustrations ; |
| Dimensions | 28 cm. |
| 490 ## - SERIES STATEMENT | |
| Series statement | Vida de los animales. |
| 700 ## - ADDED ENTRY--PERSONAL NAME | |
| Personal name | Vipond, Jonathan |
| 942 ## - ADDED ENTRY ELEMENTS (KOHA) | |
| Source of classification or shelving scheme | Dewey Decimal Classification |
| Koha item type | Libro/Book |
| Withdrawn status | Lost status | Damaged status | Not for loan | Home library | Current library | Date acquired | Inventory number | Total Checkouts | Barcode | Date last seen | Price effective from | Koha item type | Source of classification or shelving scheme | Date checked out |
|---|---|---|---|---|---|---|---|---|---|---|---|---|---|---|
| Monte Cristo -- Satellite | Monte Cristo -- Satellite | 06/06/2019 | 3 | 40201746 | 05/01/2023 | 06/06/2019 | Libro/Book | Dewey Decimal Classification | 22/02/2022 | |||||
| Zaragoza -- Satellite | Zaragoza -- Satellite | 12/10/2017 | Inventory date: 7/7/25 | 35501592 | 12/10/2017 | 12/10/2017 | Libro/Book |